000 00469cam a2200145 4500500
005 20251012012306.0
041 _afre
042 _adc
100 1 0 _aN’Diaye, Aïda
_eauthor
245 0 0 _aSommes-nous maîtres de la technique ?
260 _c2022.
500 _a44
786 0 _nPhilosophie magazine | 158 | 4 | 2022-04-01 | p. 56-56 | 1951-1787
856 4 1 _uhttps://shs.cairn.info/magazine-philosophie-magazine-2022-4-page-56?lang=fr&redirect-ssocas=7080
999 _c1526180
_d1526180